Teoretické aspekty financovania neziskových organizácií

Vymedzenie neziskových organizácií a neziskového sektora ako sústavy autonómnych organizácií, ktoré vykonávajú verejnoprospešnú činnosť a ktorých cieľom nie je dosahovanie a rozdeľovanie zisku medzi zakladateľov a zamestnancov neziskových organizácií na jednej strane, ani plnenie príkazov v rámci de...

Ausführliche Beschreibung

Gespeichert in:
Bibliographische Detailangaben
1. Verfasser: Šebo, Ján
Format: Buchkapitel
Sprache:Slowakisch
Schlagworte:
Tags: Tag hinzufügen
Keine Tags, Fügen Sie das erste Tag hinzu!

MARC

LEADER 00000naa$a2200000$$$4500
001 0004911
005 20231004075717.9
041 0 |a slo 
044 |a CZ 
245 1 0 |a Teoretické aspekty financovania neziskových organizácií  |c aut. Ján Šebo 
520 |a Vymedzenie neziskových organizácií a neziskového sektora ako sústavy autonómnych organizácií, ktoré vykonávajú verejnoprospešnú činnosť a ktorých cieľom nie je dosahovanie a rozdeľovanie zisku medzi zakladateľov a zamestnancov neziskových organizácií na jednej strane, ani plnenie príkazov v rámci definovaných mocenských štruktúr, ktoré predstavuje štát prostredníctvom systému verejnej správy na strane druhej. Zdroje financovania neziskových organizácií. Metódy financovania neziskových organizácií. Efektívnosť financovania neziskových organizácií. 
610 2 0 |a organizácie neziskové 
610 2 0 |a financovanie 
610 2 0 |a zdroje finančné 
610 2 0 |a financie verejné 
100 1 |a Šebo, Ján